00982nam a2200253 a 4500001001300000003000900013005001700022008004100039020000900080082001300089245010100102260003300203300000800236500003500244650001300279710003200292902000800324942000700332952009300339952009300432952009300525952009300618999001700711nice12345678IN_TiNIC20260116014309.0080414s2000 leia grd 000 0 eng  ac7500a200bISL aSymposiumb Religion in the Right Perspective-Concept of God in Hinduism, Christianity and Islam aLeicester bNo Pleace c2000 a00p aincludes index and biblioraphy aReligion2 aIslamic Research Foundation bSRS cND 00104070aHMIbHMId2018-04-10g75.00l0o200 ISLp022298r0000-00-00w2026-01-16yVM 00104070aHMIbHMId2018-04-10g75.00l0o200 ISLp022299r0000-00-00w2026-01-16yVM 00104070aHMIbHMId2018-04-10g75.00l0o200 ISLp022300r0000-00-00w2026-01-16yVM 00104070aHMIbHMId2018-04-10g75.00l0o200 ISLp022301r0000-00-00w2026-01-16yVM c14699d14699